00422nam a2200169Ia 450000500170000000800410001708200200005810000120007824500560009026000380014630000110018465000110019565000110020665000130021765000100023065000120024020250324023250.0240331s9999 xx 000 0 und d a303.4bMIE2727 aMies, M 4aThe Social Origins of the Sexual Division of Labour aInstitute of Social Studiesb1981 a49 p., aLabour aGender aFeminism aWomen aSociety